El sabueso de los Baskerville

Guardat en:
Dades bibliogràfiques
Autor principal: Doyle, Arthur Conan (Autor)
Format: Llibre
Idioma:espanyol
Publicat: Barcelona Andrés Bello 1993
Edició:1a. ed
Col·lecció:Aula de Literatura
Matèries:
Etiquetes: Afegir etiqueta
Sense etiquetes, Sigues el primer a etiquetar aquest registre!

MARC

LEADER 00000nam a2200000 a 4500
001 UCH6649
003 CL-VaPUC
008 091109e19930000SP |||||||||||||||||spa|d
020 |a 8431632917 
082 0 4 |a 823  |b DOY  |2 21 
100 0 |a Doyle, Arthur Conan  |e author  |9 543301 
245 1 3 |a El sabueso de los Baskerville 
250 |a 1a. ed 
300 |a 219 p 
942 |c BK 
945 |d 20091109 00:00:00  |a lazolas 
260 |a Barcelona  |b Andrés Bello  |c 1993 
650 0 |a Novelas inglesas  |9 265220 
650 0 |a Literatura inglesa  |9 312907 
650 7 |a NOVELAS POLICIACAS  |2 CL-VaPUC  |9 347450 
583 |a last modification  |c 20091109 00:00:00  |k Rodrigo Vera 
490 0 |a Aula de Literatura 
999 |c 337498  |d 337496